| 000 | 00434nam a2200157Ia 4500 | ||
|---|---|---|---|
| 999 |
_c29918 _d29918 |
||
| 003 | OSt | ||
| 005 | 20250730165156.0 | ||
| 008 | 250310s9999||||xx |||||||||||||| ||und|| | ||
| 040 | _c. | ||
| 082 |
_a923.254 _bT1289 |
||
| 100 |
_96254 _aTahmankar, D V |
||
| 245 | 0 |
_aLokamanya Tilak : Father of Indian Unrest and Maker of Modern India / _cD V Tahmankar |
|
| 260 |
_aLondon : _bJohn Murray, _c1956. |
||
| 300 | _a340 p. | ||
| 942 |
_cBK _2ddc |
||